000
00336nam a2200133Ia 4500
008
240624s9999 xx 000 0 und d
041
_a
eng
082
_a
650.13 MCL
100
_a
MCLNTOSH PERRY
245
_a
INCREASE YOUR INFLUENCE AT WORK
260
_c
2011
_a
New York
_b
AMACOM
300
_a
vi, : 104 : p. : cm. ; 22
365
_c
_b
28
999
_c
22049
_d
22049